[Event "Potsdam Christmas 35th"]
[Site "Potsdam"]
[Date "2010.12.29"]
[Round "6.48"]
[White "Wolff, Joachim Peter"]
[Black "Reyher, Bastian"]
[Result "1-0"]
[WhiteElo "1116"]
[BlackElo "717"]
[PlyCount "71"]
[EventDate "2010.12.27"]
[EventType "swiss"]
[EventRounds "7"]
[EventCountry "GER"]
[SourceTitle "EXT 2022"]
[Source "ChessBase"]
[SourceDate "2021.10.06"]
[SourceVersion "1"]
[SourceVersionDate "2021.10.06"]
[SourceQuality "1"]

1. e4 e5 2. Nf3 Nc6 3. Bb5 a6 4. Bxc6 dxc6 5. Nxe5 Nf6 6. Nc3 Bc5 7. d3 Be6 8. Qe2 Qd6 9. Bf4 0-0-0 10. Qd2 Bd4 11. Nxf7 Qf8 12. Nxh8 Qxh8 13. 0-0-0 Nh5 14. Bg5 Rd6 15. f4 c5 16. f5 Bd7 17. Ne2 h6 18. Be7 Rc6 19. Nxd4 cxd4 20. Rhf1 Qe8 21. Qb4 Rb6 22. Qa3 Nf4 23. Rxf4 g5 24. Rg4 Qh5 25. h3 Kb8 26. Bc5 Rc6 27. Bxd4 Rd6 28. Be5 Rc6 29. d4 b5 30. d5 Rb6 31. Qa5 Rb7 32. d6 c6 33. Qd8+ Ka7 34. Bd4+ Rb6 35. Qxb6+ Ka8 36. Qa7# 1-0

[Event "Potsdam Christmas 35th"]
[Site "Potsdam"]
[Date "2010.12.28"]
[Round "3.42"]
[White "Heinrich, Daniela"]
[Black "Wolff, Joachim Peter"]
[Result "1-0"]
[WhiteElo "1476"]
[BlackElo "1116"]
[PlyCount "57"]
[EventDate "2010.12.27"]
[EventType "swiss"]
[EventRounds "7"]
[EventCountry "GER"]
[SourceTitle "EXT 2022"]
[Source "ChessBase"]
[SourceDate "2021.10.06"]
[SourceVersion "1"]
[SourceVersionDate "2021.10.06"]
[SourceQuality "1"]

1. e4 c6 2. f4 d5 3. e5 Bf5 4. d4 f6 5. Bd3 e6 6. Bxf5 exf5 7. Qe2 Be7 8. Bd2 Qb6 9. Bc3 Nd7 10. Nd2 0-0-0 11. Nb3 Bb4 12. Nf3 Re8 13. Bxb4 Qxb4+ 14. c3 Qb6 15. 0-0 Nf8 16. Nc5 Nd7 17. b4 Nxc5 18. bxc5 Qa5 19. Qc2 Nh6 20. Rab1 Rhf8 21. Rb2 Re6 22. Rfb1 Rf7 23. exf6 gxf6 24. Nh4 Qa6 25. Nxf5 Nxf5 26. Qxf5 Rfe7 27. Re1 Kd7 28. Rbe2 Qa5 29. Rxe6 1-0

[Event "Berlin Hellersdorf op"]
[Site "Berlin"]
[Date "2010.01.10"]
[Round "5"]
[White "Zur, Gerd"]
[Black "Wolff, Joachim Peter"]
[Result "1-0"]
[WhiteElo "1457"]
[BlackElo "1061"]
[PlyCount "63"]
[EventDate "2010.01.08"]
[EventType "swiss"]
[EventRounds "5"]
[EventCountry "GER"]
[SourceTitle "EXT 2012"]
[Source "ChessBase"]
[SourceDate "2011.11.24"]
[SourceVersion "1"]
[SourceVersionDate "2011.11.24"]
[SourceQuality "1"]

1. e4 c6 2. Bc4 d5 3. exd5 cxd5 4. Bb3 e6 5. Nf3 Nf6 6. 0-0 Be7 7. Ng5 h6 8. Nh3 a5 9. c3 Bd7 10. d4 a4 11. Bc2 b5 12. Qd3 Bd6 13. f4 Qb6 14. Qg3 Nh5 15. Qg4 e5 16. Qxh5 exd4 17. Kh1 dxc3 18. Nxc3 Be6 19. Ng5 Bc5 20. f5 g6 21. fxg6 Kd7 22. Nxf7 Re8 23. Qxh6 Nc6 24. Bf4 Bxf7 25. Bf5+ Be6 26. Qh7+ Ne7 27. Nxd5 Qc6 28. Nf6+ Kd8 29. Rfd1+ Kc8 30. Bxe6+ Qxe6 31. Nxe8 Qe4 32. Nd6+ 1-0